| 000 | nam a22 a 4500 | ||
|---|---|---|---|
| 999 |
_c2601 _d2601 |
||
| 003 | AKMAL | ||
| 005 | 20170517115625.0 | ||
| 008 | 170517s1991 my 00 may d | ||
| 020 |
_a9839017039 (Jil. 1: kkt.): _cRM 3.00 |
||
| 020 |
_a9839017047 (Jil. 2: kkt.): _cRM 3.00 |
||
| 020 |
_a9839017055 (Jil. 3: kkt.): _cRM 4.00 |
||
| 040 |
_aAKMAL _cAKMAL |
||
| 082 | 0 | 4 | _a615.822 SIL |
| 090 |
_a615.822 _bSIL |
||
| 245 |
_aMerawat pesakit dengan urut refleksi / _cdisusun semula oleh Nor Mawaddah Marjan |
||
| 260 |
_aKuala Lumpur : _bDarul Nu'man, _c1991 |
||
| 300 |
_a3jil. : _bil. ; _c21cm |
||
| 650 |
_aReflexotherapy _95284 |
||
| 942 |
_2ddc _cBOOK |
||